I can jump puddles

Αποθηκεύτηκε σε:
Λεπτομέρειες βιβλιογραφικής εγγραφής
Κύριος συγγραφέας: Kohler, Anna
Άλλοι συγγραφείς: Marshall, Alan
Μορφή: Βιβλίο
Γλώσσα:English
Δημοσίευση: Harlow, England : Longman, 1980
Σειρά:Longman structural readers. Fiction ; ; 4; Stage 4
Θέματα:
Ετικέτες: Προσθήκη ετικέτας
Δεν υπάρχουν, Καταχωρήστε ετικέτα πρώτοι!

MARC

LEADER 00000nam a2200000 i 4500
001 1/50503
008 960401s1980 eng d
020 |a 0582536723 
035 |l 10027015 
040 |a GR-MY-UA  |b gre  |e aacr 
041 0 |a eng 
082 0 |a 428.64 
100 1 |a Kohler, Anna. 
245 1 0 |a I can jump puddles /  |c Anna Kohler, Alan Marshall 
260 |a Harlow, England :   |b Longman,   |c 1980 
300 |a 92 p. 
490 1 |a Longman structural reader. Fiction  |v ; Stage 4 
650 0 0 |a English language  |x Readers. 
650 0 0 |a English language  |v Textbooks for foreign speakers. 
700 1 |a Marshall, Alan. 
830 0 |a Longman structural readers. Fiction ;  |v ; 4; Stage 4 
852 |a INST  |b CHIOS  |e 19960401  |h 428.64 KOH  |p 005200004854  |q 005200004854  |t BK  |y 0 
909 |a Χ  |b 004820